000 00530nam a2200181Ia 4500
005 20250508153822.0
008 008 250505s9999 xx 000 0 eng d
037 _aTextual
040 _aFEDL
_beng
_cFEDL
041 _aeng
_2eng
084 _a370.954, MOO
_qFEDL
100 _aMookerji Radha Kumud
245 0 _aAncient Indian education: Brahmanical and buddhist
260 _aLondon, UK
_bThe Macmillan and Company Limited
300 _a655p.
942 _cTEXL
_h370.954, MOO
999 _c1345717
_d1345717